LIBRARY & INFORMATION CENTRE, KCAET, TAVANUR

ONLINE PUBLIC ACCESS CATALOGUE (OPAC)

Meteorlogy : atmosphere and the science of weather / (Record no. 10003)

MARC details
000 -LEADER
fixed length control field 00434cam a2200157ua 4500
003 - CONTROL NUMBER IDENTIFIER
control field OSt
008 - FIXED-LENGTH DATA ELEMENTS--GENERAL INFORMATION
fixed length control field 240215b |||||||| |||| 00| 0 eng d
041 ## - LANGUAGE CODE
Language code of text/sound track or separate title eng
082 ## - DEWEY DECIMAL CLASSIFICATION NUMBER
Classification number 551.5
Item number MOR/ME
100 ## - MAIN ENTRY--AUTHOR NAME
Personal name Moran, Joseph M .
245 ## - TITLE STATEMENT
Title Meteorlogy : atmosphere and the science of weather /
260 ## - PUBLICATION, DISTRIBUTION, ETC. (IMPRINT)
Place of publication Newyork :
Name of publisher Macmillan publishing co. ,
Year of publication 1989.
300 ## - PHYSICAL DESCRIPTION
Number of Pages 557 ; .
700 1# - ADDED ENTRY--PERSONAL NAME
Personal name Morgan , Michael D .
942 ## - ADDED ENTRY ELEMENTS (KOHA)
Koha item type Books
Holdings
Withdrawn status Lost status Damaged status Home library Current library Date acquired Full call number Accession Number Koha item type
      KAUAET KAUAET 07/04/2012 551.5 MOR/ME 17744 Books
free website counter